Statistics for One-Name Historical Figures Quiz #1

Click here to take the quiz!

General Stats

  • This quiz has been taken 50,659 times
    (39,184 since last reset)
  • The average score is 15 of 24

Answer Stats

Clue Person % Correct
Christian messiahJesus
98%
Founder of IslamMuhammad
91%
"The Iliad"Homer
88%
The Sistine ChapelMichelangelo
86%
Young pharaoh who was dug up in 1922Tutankhamun
84%
Lover of Caesar and AntonyCleopatra
83%
Fiddled while Rome burnedNero
72%
Macedonian conqueror of PersiaAlexander
72%
Founded the Academy of AthensPlato
66%
She saved John SmithPocahontas
66%
"The Divine Comedy"Dante
65%
He built a wall in northern EnglandHadrian
63%
Nonviolent IndianGandhi
63%
Greek writer of fablesAesop
62%
3-time World Cup winnerPelé
60%
Japanese emperor during WWIIHirohito
59%
Carthaginian generalHannibal
54%
Cried "Eureka!"Archimedes
45%
Lewis & Clark guideSacagawea
42%
Great Frankish KingCharlemagne
42%
Aztec emperor defeated by CortesMoctezuma
33%
"Candide"Voltaire
31%
Nemesis of the CrusadersSaladin
28%
Roman orator and republicanCicero
24%

Score Distribution

Percentile by Number Answered

Percent of People with Each Score

Your Score History

You have not taken this quiz since the last reset